000 00456nam a2200157Ia 4500
008 230711s9999||||xx |||||||||||||| ||und||
041 _aENG
082 _a621.3
_bBU-I
100 _aBureau of Indian Standard
245 0 _aSI : 6462 1970
_bMethods of test for determining aggaregates impact value of soft course aggregates
250 _a1st
260 _c1970
_aNew Delhi
_bBureau of Indian Standard
300 _a3
650 _aArchitecture
942 _cBK
999 _c8120
_d8120